000 00184nam a2200073Ia 4500
008 170524s9999 xx 000 0 und d
100 _aLOUDON
245 0 _aMANAGEMENT INFORMATION SYSTEMS
260 _bHIMALYA PUB. HOUSE
999 _c8040
_d8040